000 00344nam a2200145Ia 4500
008 240624s9999 xx 000 0 und d
041 _aeng
082 _a657 DAN
100 _aDANSBY ROBERT L
245 _aCOLLEGE ACCOUNTING
250 _a(4th ed.)
260 _c2000
_aDelhi
_bA.I.T.B.S.
300 _axxviii, : 1061 : cm. ; 27
365 _cRS
999 _c1468
_d1468